00357nam a2200133Ia 4500008004100000041001200041082001600053100001700069245006400086260003800150300000900188650000800197700001800205221030s9999 xx 000 0 und d aEnglish a105.23bMit aG. K. Mithal 0aPulse & Digital Electronicscby G. K. Mithal, A. K. Vanwasi bKhanna book Pub.aNew Delhic2000 a1154 aECE aA. K. Vanwasi